Teología feminista
Сохранить в:
| Главный автор: | |
|---|---|
| Формат: | |
| Язык: | испанский |
| Опубликовано: |
Bilbao
Desclèe de Brouwer
1997
|
| Редактирование: | 1a. ed |
| Серии: | Biblioteca Manual Desclée
|
| Предметы: | |
| Метки: |
Добавить метку
Нет меток, Требуется 1-ая метка записи!
|
MARC
| LEADER | 00000cam a2200000 a 4500 | ||
|---|---|---|---|
| 001 | UCE9115 | ||
| 003 | CL-VaPUC | ||
| 008 | 150928e19970000sp |||||||||||||||||spa|d | ||
| 020 | |a 9788433012010 | ||
| 082 | 0 | 4 | |a 230.082 |b LOA |2 21 |
| 100 | |a Loades, Ann |e autora |9 581821 | ||
| 245 | 1 | 0 | |a Teología feminista |
| 250 | |a 1a. ed | ||
| 300 | |a 404 p | ||
| 942 | |c BK | ||
| 945 | |d 20150928 14:02:00 |a gsalatino | ||
| 260 | |a Bilbao |b Desclèe de Brouwer |c 1997 | ||
| 650 | 0 | |a Teología |9 258766 | |
| 650 | 0 | |a Feminismo |9 259085 | |
| 650 | 0 | |a Aspectos religiosos |9 257320 | |
| 650 | 0 | |a Religión católica |9 399371 | |
| 583 | |a last modification |c 20150928 14:02:00 |k Rodrigo Vera | ||
| 490 | 0 | |a Biblioteca Manual Desclée | |
| 999 | |c 360813 |d 360811 | ||
| 952 | |0 0 |1 0 |3 erd |4 0 |6 230_082000000000000_LOA_1997 |7 0 |8 A |9 470784 |a BIBTEO |b BIBTEO |i 5200202 |o 230.082 LOA 1997 |p 5200202 |r 2025-01-17 |w 2019-11-23 |y BK |z Catalogado en:20150928 |k ICR | ||